|
|
|
|
| LEADER |
01201nam a22003254a 4500 |
| 001 |
35322 |
| 003 |
BD-DhAAL |
| 005 |
20211129150835.0 |
| 008 |
190912t2004 maua b 001 0 eng d |
| 999 |
|
|
|c 41225
|d 41225
|
| 010 |
|
|
|a 2003004192
|
| 020 |
|
|
|a 0631216278
|
| 020 |
|
|
|a 1405124636
|
| 020 |
|
|
|a 0631216286 (pbk.)
|
| 040 |
|
|
|a DLC
|c DLC
|d DLC
|d BD-DhAAL
|
| 042 |
|
|
|a pcc
|
| 050 |
0 |
0 |
|a BF721
|b .S349 2004
|
| 082 |
0 |
0 |
|a 155.4
|2 21
|
| 100 |
1 |
|
|a Schaffer, H. Rudolph.
|9 34490
|
| 245 |
1 |
0 |
|a Introducing child psychology /
|c H. Rudolph Schaffer.
|
| 260 |
|
|
|a Malden, MA :
|b Blackwell Publishing.,
|c c2004.
|
| 300 |
|
|
|a xx, 384 pages :
|b illustrations ;
|c 26 cm.
|
| 504 |
|
|
|a Includes bibliographical references (pages [347]-365) and indexes.
|
| 526 |
|
|
|a BIED
|
| 541 |
|
|
|a Complimentary copy from BIED
|e 35322
|
| 650 |
|
0 |
|a Child psychology.
|9 34491
|
| 650 |
|
0 |
|a Child development.
|9 34492
|
| 852 |
|
|
|a Ayesha Abed Library
|c BIED Collection
|
| 942 |
|
|
|2 ddc
|c BK
|
| 952 |
|
|
|0 0
|1 0
|2 ddc
|4 0
|6 155_400000000000000_SCH
|7 0
|9 66274
|a BRACUL
|b BRACUL
|c GEN
|d 2019-09-12
|e Complimentary copy from BIED
|l 2
|m 4
|o 155.4 SCH
|p 3010035322
|r 2026-03-01
|s 2026-02-22
|t 1
|w 2019-09-12
|y BK
|x Transferred from BIED to General Stacks
|